[Event "GER-ch U10 Girls"]
[Site "Willingen"]
[Date "2024.05.22"]
[Round "7"]
[White "Rhein, Linnea"]
[Black "Vignesh, Sara"]
[Result "0-1"]
[WhiteElo "1133"]
[BlackElo "1136"]
[PlyCount "54"]
[EventDate "2024.05.19"]
[EventType "swiss"]
[EventRounds "11"]
[EventCountry "GER"]
[SourceTitle "CBM 220 Extra"]
[Source "ChessBase"]
[SourceDate "2024.07.31"]
[SourceVersion "1"]
[SourceVersionDate "2024.07.31"]
[SourceQuality "1"]

1. d4 Nf6 2. Bf4 c6 3. e3 Qb6 4. b3 g6 5. Nf3 Bg7 6. Nc3 d6 7. e4 Bg4 8. Bc4 Bxf3 9. Qxf3 Qxd4 10. 0-0 0-0 11. Rad1 Qb6 12. e5 dxe5 13. Bxe5 Nbd7 14. Bg3 Qc5 15. Ne4 Qf5 16. Nxf6+ Nxf6 17. Qe2 e6 18. Rd3 Qh5 19. Qd2 Ne4 20. Qe3 Nxg3 21. Qxg3 b5 22. Bxe6 fxe6 23. Rd6 Be5 24. Qh3 Qxh3 25. gxh3 Bxd6 26. Rd1 Rad8 27. Re1 Bc5 0-1